000 00196nam a2200085 4500
001 1301002
005 20260423130625.0
245 _aARŞİMET ZEKAİ
_cDURAN ÇETİN
260 _bATLI KARINCA YAYINLARI
999 _c1301002
_d1301002